|
|
|
|
| LEADER |
01163nam a2200337 4500 |
| 001 |
000023491 |
| 003 |
19943 |
| 005 |
20151214111212.0 |
| 008 |
151214s2010 engsd |
| 020 |
|
|
|a 9780073382180 (alk. paper)
|a 0073382183 (mhid : alk. paper)
|
| 041 |
0 |
|
|a eng
|
| 082 |
1 |
4 |
|a 792
|b CO-R
|
| 100 |
1 |
|
|a Cohen, Robert
|d 1938-
|
| 245 |
1 |
0 |
|a Theatre
|c Robert Cohen
|
| 250 |
|
|
|a 9th ed.
|
| 260 |
|
|
|a New York, NY
|b McGraw-Hill
|c 2010
|
| 300 |
|
|
|a 1 v. (various pagings)
|b col. ill.
|c 26 cm.
|
| 504 |
|
|
|a Includes bibliographical references (p. B-1-B-4) and index.
|
| 650 |
|
0 |
|a Theater
|
| 653 |
|
|
|a Sân khấu
|
| 700 |
1 |
|
|d 1963-
|d 1945-
|d 1955-
|q Erminio Peter
|q Pamela A.
|t Understanding evolution
|
| OWN |
|
|
|a LSP
|
| AVA |
|
|
|a UDN50
|b LSP
|d 792 CO-R
|e available
|t Error 5001 Not defined in file expand_doc_bib_avail.
|f 1
|g 0
|h N
|i 0
|k 1
|
| 999 |
|
|
|a From the UDN01
|
| AVA |
|
|
|a UDN50
|b LSP
|d 792 CO-R
|e available
|t Error 5001 Not defined in file expand_doc_bib_avail.
|f 1
|g 0
|h N
|i 0
|k 1
|
| TYP |
|
|
|a Monograph
|
| TYP |
|
|
|a Printed language
|
| 980 |
|
|
|a Mạng thư viện Đại học Đà Nẵng
|